Meranie výkonnosti logistických systémov
Logistika predstavuje komplexný pohľad na riešenie problémov, integráciu a koordináciu plánovania, realizácie, monitoringu a kontroly materiálového a informačného toku. Zmeny v riadiacich technikách a metodike hodnotenia úspešnosti podnikania (nové indikátory a metriky).
Gespeichert in:
| 1. Verfasser: | |
|---|---|
| Weitere Verfasser: | |
| Format: | Buchkapitel |
| Sprache: | Slowakisch |
| Schlagworte: | |
| Tags: |
Keine Tags, Fügen Sie das erste Tag hinzu!
|
MARC
| LEADER | 00000nla$a2200000$$$4500 | ||
|---|---|---|---|
| 001 | 0142110 | ||
| 005 | 20220321082014.8 | ||
| 041 | 0 | |a slo | |
| 044 | |a SK | ||
| 245 | 1 | 0 | |a Meranie výkonnosti logistických systémov |c Patrik Aláč, Vojtech Demoč |
| 520 | |a Logistika predstavuje komplexný pohľad na riešenie problémov, integráciu a koordináciu plánovania, realizácie, monitoringu a kontroly materiálového a informačného toku. Zmeny v riadiacich technikách a metodike hodnotenia úspešnosti podnikania (nové indikátory a metriky). | ||
| 610 | 2 | 0 | |a logistika |
| 610 | 2 | 0 | |a logistika podniková |
| 610 | 2 | 0 | |a manažment logistický |
| 610 | 2 | 0 | |a reťazce dodávateľsko-odberateľské |
| 610 | 2 | 0 | |a logistika obchodná |
| 610 | 2 | 0 | |a reťazce logistické |
| 100 | 1 | |a Aláč, Patrik | |
| 700 | 1 | |a Demoč, Vojtech | |